000
00311nam a2200157Ia 4500
100
_a
Comer/ D E
250
_a
2
942
_c
BK
654
_a
Computer
245
_a
The Internet
260
_b
Prentice Hall
_a
New Delhi
_c
1997
082
_a
4.65
_b
COM
300
_a
327
546
_a
ENGLISH
999
_c
29730
_d
29730